000 00508 a2200169 4500
003 OSt
005 20260310093548.0
008 260310b |||||||| |||| 00| 0 eng d
040 _coclc
082 _a297.352
_bANS/P
100 _aAnsari, Yousuf
_910638
245 _aParishudha Makkah:
_bCharithravum Varthamanavum /
_cYousuf Ansari
250 _a1st ed.
260 _aCalicut:
_bAhlussunna books,
_c2019.
300 _a304 pages
942 _2ddc
_cBK
_h297.352
_iANS/P
_k297.352
_mANS/P
999 _c44716
_d44716